00831cam a22002531 4500001001300000003000400013005001700017008004100034010001700075035001900092040001900111042001200130050001500142100002900157245006300186260006500249300001900314490011800333502003500451504003300486500002000519650002100539999001700560sa 65004585 DLC20260227112132.0781102s1960 ii 001 0 eng  asa 65004585  a(OCoLC)4342418 aDLCcCSdSdDLC apremarc00aPK119b.U61 aUpasak, Chandrika Singh.14aThe history and palæography of Mauryan Brāhmī script. aNālandā, India,bNava Nālandā Mahāvihāra,c1960. a344 p.c26 cm.0 aNalanda Institute of Research and Post-graduate Studies in Buddhist Learning and Pali. Research publicationvv.3 aThesis - University of London. aBibliography : p. [321]-326. aIncludes index. 0aBrahmi alphabet. c63838d63838